[Event "DEM U16 2019"]
[Site "Willingen GER"]
[Date "2019.06.12"]
[Round "5"]
[White "Nguyen, Alex Dac-Vuong"]
[Black "Gutkin, Ilya"]
[Result "1-0"]
[Termination "normal"]
[Board "8"]
[WhiteElo "2287"]
[BlackElo "2041"]
[WhiteClock "00:48:42"]
[BlackClock "00:22:55"]
[PlyCount "86"]
[WhiteFideId "12984388"]
[BlackFideId "16203470"]
[EventCountry "GER"]
[EventRounds "9"]
[EventType "swiss"]
[EventDate "2019.06.08"]

1. e4 {[%clk 1:30:57]} 1... e6 {[%clk 1:30:45]} 2. d4 {[%clk 1:31:21]} 2... d5
{[%clk 1:31:06]} 3. Nc3 {[%clk 1:31:45]} 3... Nf6 {[%clk 1:30:48]} 4. e5 {
[%clk 1:31:57]} 4... Nfd7 {[%clk 1:31:13]} 5. f4 {[%clk 1:31:45]} 5... c5 {
[%clk 1:31:35]} 6. Nf3 {[%clk 1:32:04]} 6... Qb6 {[%clk 1:31:08]} 7. Ne2 {
[%clk 1:29:46]} 7... Nc6 {[%clk 1:28:21]} 8. c3 {[%clk 1:30:07]} 8... Be7 {
[%clk 1:27:05]} 9. g3 {[%clk 1:29:44]} 9... O-O {[%clk 1:17:13]} 10. Bh3 {
[%clk 1:19:24]} 10... cxd4 {[%clk 1:13:45]} 11. cxd4 {[%clk 1:17:02]} 11... f5
{[%clk 1:10:32]} 12. O-O {[%clk 1:14:30]} 12... Rd8 {[%clk 1:05:34]} 13. Nc3 {
[%clk 1:08:14]} 13... Nf8 {[%clk 1:03:55]} 14. Rf2 {[%clk 1:06:37]} 14... g6 {
[%clk 0:57:18]} 15. Be3 {[%clk 1:03:46]} 15... Bd7 {[%clk 0:55:42]} 16. Na4 {
[%clk 0:51:14]} 16... Qc7 {[%clk 0:45:29]} 17. Rc1 {[%clk 0:50:51]} 17... b6 {
[%clk 0:43:27]} 18. a3 {[%clk 0:47:28]} 18... Qb7 {[%clk 0:42:48]} 19. Bd2 {
[%clk 0:42:14]} 19... Rdc8 {[%clk 0:36:17]} 20. Bf1 {[%clk 0:41:18]} 20... Rc7
{[%clk 0:29:13]} 21. b4 {[%clk 0:33:19]} 21... a5 {[%clk 0:22:26]} 22. b5 {
[%clk 0:33:24]} 22... Na7 {[%clk 0:20:03]} 23. Rxc7 {[%clk 0:32:20]} 23... Qxc7
{[%clk 0:20:29]} 24. Qb3 {[%clk 0:32:44]} 24... Rc8 {[%clk 0:14:18]} 25. Bd3 {
[%clk 0:32:56]} 25... Qb7 {[%clk 0:13:47]} 26. h3 {[%clk 0:32:20]} 26... Rc7 {
[%clk 0:10:40]} 27. Rg2 {[%clk 0:32:08]} 27... Nc8 {[%clk 0:10:47]} 28. Kf2 {
[%clk 0:29:10]} 28... Be8 {[%clk 0:09:53]} 29. Rg1 {[%clk 0:29:16]} 29... Kh8 {
[%clk 0:09:28]} 30. Nb2 {[%clk 0:29:15]} 30... Bd8 {[%clk 0:09:02]} 31. a4 {
[%clk 0:29:38]} 31... Rg7 {[%clk 0:07:46]} 32. g4 {[%clk 0:27:40]} 32... Bf7 {
[%clk 0:03:08]} 33. Nd1 {[%clk 0:28:00]} 33... Ne7 {[%clk 0:03:03]} 34. Ne3 {
[%clk 0:28:11]} 34... Rg8 {[%clk 0:02:53]} 35. Ke2 {[%clk 0:27:13]} 35... Rg7 {
[%clk 0:02:58]} 36. Be1 {[%clk 0:25:50]} 36... Qd7 {[%clk 0:02:42]} 37. Bh4 {
[%clk 0:23:27]} 37... Ng8 {[%clk 0:02:47]} 38. Bf2 {[%clk 0:19:02]} 38... Ne7 {
[%clk 0:03:04]} 39. Qc2 {[%clk 0:19:18]} 39... Qc7 {[%clk 0:02:43]} 40. Qxc7 {
[%clk 0:17:48]} 40... Bxc7 {[%clk 0:03:08]} 41. Bh4 {[%clk 0:18:11]} 41... Ng8
{[%clk 0:30:29]} 42. Bf6 {[%clk 0:48:22]} 42... Nd7 {[%clk 0:22:30]} 43. Bxg7+
{[%clk 0:48:42]} 43... Kxg7 {[%clk 0:22:55]} 1-0

[Event "DEM U16 2019"]
[Site "Willingen GER"]
[Date "2019.06.12"]
[Round "5"]
[White "Boder, Jan"]
[Black "Hommel, Niclas"]
[Result "1/2-1/2"]
[Termination "normal"]
[Board "9"]
[WhiteElo "2123"]
[BlackElo "1953"]
[WhiteClock "00:06:05"]
[BlackClock "00:04:24"]
[PlyCount "71"]
[WhiteFideId "16243226"]
[BlackFideId "12974927"]
[EventCountry "GER"]
[EventRounds "9"]
[EventType "swiss"]
[EventDate "2019.06.08"]

1. e4 {[%clk 1:30:58]} 1... c5 {[%clk 1:30:54]} 2. Nf3 {[%clk 1:31:24]} 2... d6
{[%clk 1:31:19]} 3. Bb5+ {[%clk 1:31:50]} 3... Nd7 {[%clk 1:31:45]} 4. O-O {
[%clk 1:32:10]} 4... a6 {[%clk 1:32:03]} 5. Bd3 {[%clk 1:32:35]} 5... Ngf6 {
[%clk 1:31:59]} 6. Re1 {[%clk 1:32:55]} 6... e6 {[%clk 1:31:52]} 7. c3 { [%clk
1:31:01]} 7... Be7 {[%clk 1:31:23]} 8. Bc2 {[%clk 1:31:14]} 8... b5 { [%clk
1:29:39]} 9. d4 {[%clk 1:29:40]} 9... Bb7 {[%clk 1:28:39]} 10. Nbd2 { [%clk
1:11:52]} 10... cxd4 {[%clk 1:13:41]} 11. cxd4 {[%clk 1:10:37]} 11... Rc8
{[%clk 1:07:57]} 12. a4 {[%clk 1:04:06]} 12... b4 {[%clk 0:58:41]} 13. Bd3 {
[%clk 0:59:30]} 13... O-O {[%clk 0:52:42]} 14. b3 {[%clk 0:58:32]} 14... e5 {
[%clk 0:48:29]} 15. d5 {[%clk 0:55:44]} 15... Nc5 {[%clk 0:48:46]} 16. Nc4 {
[%clk 0:54:41]} 16... a5 {[%clk 0:47:07]} 17. Bc2 {[%clk 0:52:26]} 17... Ba6 {
[%clk 0:46:37]} 18. Nfd2 {[%clk 0:52:32]} 18... Re8 {[%clk 0:43:58]} 19. Bb2 {
[%clk 0:52:07]} 19... Nfd7 {[%clk 0:35:42]} 20. g3 {[%clk 0:28:09]} 20... Nb6 {
[%clk 0:26:18]} 21. Nxa5 {[%clk 0:20:41]} 21... Nbxa4 {[%clk 0:26:37]} 22. bxa4
{[%clk 0:20:17]} 22... Qxa5 {[%clk 0:27:03]} 23. Nb3 {[%clk 0:20:32]} 23...
Nxb3 {[%clk 0:17:49]} 24. Bxb3 {[%clk 0:20:57]} 24... Bd8 {[%clk 0:16:15]} 25.
Rc1 {[%clk 0:18:18]} 25... Bb6 {[%clk 0:16:23]} 26. Qd2 {[%clk 0:18:29]} 26...
Bc5 {[%clk 0:10:14]} 27. Kg2 {[%clk 0:18:34]} 27... Rc7 {[%clk 0:10:15]} 28. f4
{[%clk 0:18:25]} 28... f6 {[%clk 0:10:35]} 29. h3 {[%clk 0:17:42]} 29... Kh8 {
[%clk 0:10:43]} 30. g4 {[%clk 0:17:38]} 30... Rec8 {[%clk 0:08:30]} 31. g5 {
[%clk 0:16:46]} 31... Rf8 {[%clk 0:05:36]} 32. f5 {[%clk 0:17:04]} 32... fxg5 {
[%clk 0:04:35]} 33. Qxg5 {[%clk 0:09:34]} 33... g6 {[%clk 0:04:24]} 34. Kh2 {
[%clk 0:06:33]} 34... gxf5 {[%clk 0:04:13]} 35. exf5 {[%clk 0:06:31]} 35... Rg7
{[%clk 0:04:24]} 36. Qh5 {[%clk 0:06:05]} 1/2-1/2

[Event "DEM U16 2019"]
[Site "Willingen GER"]
[Date "2019.06.12"]
[Round "5"]
[White "Liebold, Aaron"]
[Black "Huber, Benedikt"]
[Result "1-0"]
[Termination "normal"]
[Board "11"]
[WhiteElo "1870"]
[BlackElo "2051"]
[WhiteClock "00:30:45"]
[BlackClock "00:34:44"]
[PlyCount "57"]
[WhiteFideId "12997846"]
[BlackFideId "12923583"]
[EventCountry "GER"]
[EventRounds "9"]
[EventType "swiss"]
[EventDate "2019.06.08"]

1. e4 {[%clk 1:30:57]} 1... c5 {[%clk 1:30:54]} 2. Nf3 {[%clk 1:31:09]} 2... e6
{[%clk 1:31:17]} 3. c4 {[%clk 1:30:52]} 3... Nc6 {[%clk 1:30:21]} 4. Nc3 {
[%clk 1:31:14]} 4... Nf6 {[%clk 1:28:44]} 5. Be2 {[%clk 1:30:30]} 5... d5 {
[%clk 1:25:11]} 6. exd5 {[%clk 1:28:59]} 6... exd5 {[%clk 1:25:23]} 7. d4 {
[%clk 1:28:57]} 7... cxd4 {[%clk 1:20:53]} 8. Nxd4 {[%clk 1:24:30]} 8... Bb4 {
[%clk 1:20:43]} 9. O-O {[%clk 1:22:59]} 9... h6 {[%clk 1:09:02]} 10. Nxd5 {
[%clk 1:17:32]} 10... Nxd5 {[%clk 1:04:37]} 11. Nxc6 {[%clk 1:13:27]} 11...
bxc6 {[%clk 0:56:59]} 12. cxd5 {[%clk 1:13:33]} 12... O-O {[%clk 0:57:03]} 13.
dxc6 {[%clk 1:12:00]} 13... Qb6 {[%clk 0:57:23]} 14. Be3 {[%clk 1:09:44]} 14...
Bc5 {[%clk 0:56:29]} 15. Bxc5 {[%clk 1:05:38]} 15... Qxc5 {[%clk 0:55:43]} 16.
Bf3 {[%clk 1:00:52]} 16... Ba6 {[%clk 0:54:19]} 17. Qc1 {[%clk 0:58:34]} 17...
Qa5 {[%clk 0:50:41]} 18. Rd1 {[%clk 0:57:15]} 18... Rac8 {[%clk 0:49:57]} 19.
a3 {[%clk 0:55:10]} 19... Bb5 {[%clk 0:45:32]} 20. a4 {[%clk 0:52:36]} 20...
Ba6 {[%clk 0:38:29]} 21. Rd4 {[%clk 0:48:10]} 21... Qb6 {[%clk 0:37:08]} 22.
Qc3 {[%clk 0:47:28]} 22... Rfe8 {[%clk 0:36:29]} 23. Rg4 {[%clk 0:42:03]} 23...
g6 {[%clk 0:36:28]} 24. Bd5 {[%clk 0:40:24]} 24... Kf8 {[%clk 0:33:54]} 25.
Qh8+ {[%clk 0:35:40]} 25... Ke7 {[%clk 0:34:11]} 26. Re1+ {[%clk 0:32:18]}
26... Kd6 {[%clk 0:34:21]} 27. Qf6+ {[%clk 0:30:31]} 27... Kxd5 {[%clk 0:34:25]
} 28. Rd1+ {[%clk 0:30:45]} 28... Kc5 {[%clk 0:34:44]} 29. Qd6# 1-0

[Event "DEM U16 2019"]
[Site "Willingen GER"]
[Date "2019.06.12"]
[Round "5"]
[White "Pahl, Erik"]
[Black "Röhr, Tobias"]
[Result "1/2-1/2"]
[Termination "normal"]
[Board "12"]
[WhiteElo "2113"]
[BlackElo "2208"]
[WhiteClock "00:30:06"]
[BlackClock "00:19:59"]
[PlyCount "92"]
[WhiteFideId "16201272"]
[BlackFideId "12963089"]
[EventCountry "GER"]
[EventRounds "9"]
[EventType "swiss"]
[EventDate "2019.06.08"]

1. e4 {[%clk 1:30:56]} 1... c5 {[%clk 1:30:58]} 2. Nf3 {[%clk 1:31:20]} 2... e6
{[%clk 1:31:19]} 3. d4 {[%clk 1:31:46]} 3... cxd4 {[%clk 1:31:46]} 4. Nxd4 {
[%clk 1:32:12]} 4... Nc6 {[%clk 1:32:12]} 5. Nc3 {[%clk 1:32:38]} 5... Qc7 {
[%clk 1:32:38]} 6. Be3 {[%clk 1:33:04]} 6... a6 {[%clk 1:33:05]} 7. Qf3 { [%clk
1:33:29]} 7... Bd6 {[%clk 1:32:33]} 8. O-O-O {[%clk 1:32:18]} 8... Be5 { [%clk
1:32:29]} 9. Nxc6 {[%clk 1:06:27]} 9... bxc6 {[%clk 1:31:49]} 10. Bd4 { [%clk
1:03:50]} 10... Nf6 {[%clk 1:30:38]} 11. Bxe5 {[%clk 1:03:38]} 11... Qxe5
{[%clk 1:31:02]} 12. Qg3 {[%clk 1:04:03]} 12... Qxg3 {[%clk 1:30:27]} 13. hxg3
{[%clk 1:04:27]} 13... d5 {[%clk 1:24:55]} 14. exd5 {[%clk 1:01:08]} 14... cxd5
{[%clk 1:23:52]} 15. Bd3 {[%clk 0:56:29]} 15... Bb7 {[%clk 1:21:12]} 16. Rhe1 {
[%clk 0:53:14]} 16... O-O {[%clk 1:18:45]} 17. b3 {[%clk 0:51:03]} 17... Rac8 {
[%clk 1:15:23]} 18. Kb2 {[%clk 0:50:14]} 18... g6 {[%clk 1:06:18]} 19. a4 {
[%clk 0:43:28]} 19... Nd7 {[%clk 0:53:59]} 20. Be2 {[%clk 0:36:07]} 20... Rc7 {
[%clk 0:51:37]} 21. Bf3 {[%clk 0:27:48]} 21... Rfc8 {[%clk 0:50:08]} 22. Re3 {
[%clk 0:27:37]} 22... Nf6 {[%clk 0:36:48]} 23. Rdd3 {[%clk 0:17:09]} 23... a5 {
[%clk 0:28:36]} 24. Rd2 {[%clk 0:15:06]} 24... Ba6 {[%clk 0:23:41]} 25. Nd1 {
[%clk 0:13:28]} 25... h5 {[%clk 0:17:53]} 26. Rc3 {[%clk 0:13:19]} 26... Kg7 {
[%clk 0:14:58]} 27. Rxc7 {[%clk 0:13:01]} 27... Rxc7 {[%clk 0:15:24]} 28. Ne3 {
[%clk 0:12:47]} 28... g5 {[%clk 0:11:39]} 29. g4 {[%clk 0:08:23]} 29... h4 {
[%clk 0:09:25]} 30. c3 {[%clk 0:08:16]} 30... Rb7 {[%clk 0:07:45]} 31. c4 {
[%clk 0:07:31]} 31... Rd7 {[%clk 0:07:51]} 32. cxd5 {[%clk 0:07:22]} 32... exd5
{[%clk 0:06:36]} 33. Kc3 {[%clk 0:06:20]} 33... Rc7+ {[%clk 0:06:20]} 34. Kb2 {
[%clk 0:05:42]} 34... Bb7 {[%clk 0:04:57]} 35. Nf5+ {[%clk 0:05:45]} 35... Kg6
{[%clk 0:04:54]} 36. Rc2 {[%clk 0:05:56]} 36... Rxc2+ {[%clk 0:04:33]} 37. Kxc2
{[%clk 0:06:18]} 37... Ne4 {[%clk 0:04:29]} 38. Bxe4 {[%clk 0:06:38]} 38...
dxe4 {[%clk 0:04:52]} 39. Kc3 {[%clk 0:06:53]} 39... e3 {[%clk 0:03:52]} 40. f3
{[%clk 0:03:25]} 40... Kf6 {[%clk 0:01:32]} 41. Kd3 {[%clk 0:01:24]} 41... Bd5
{[%clk 0:27:52]} 42. Nd4 {[%clk 0:30:47]} 42... Ke5 {[%clk 0:26:24]} 43. Kxe3 {
[%clk 0:30:52]} 43... f6 {[%clk 0:25:02]} 44. Kd3 {[%clk 0:30:10]} 44... Kf4 {
[%clk 0:22:31]} 45. Ne2+ {[%clk 0:30:03]} 45... Ke5 {[%clk 0:22:53]} 46. Nd4 {
[%clk 0:30:06]} 46... Kf4 {[%clk 0:19:59]} 1/2-1/2

[Event "DEM U16 2019"]
[Site "Willingen GER"]
[Date "2019.06.14"]
[Round "8"]
[White "Nguyen, Alex Dac-Vuong"]
[Black "Trifan, Andrei Ioan"]
[Result "1/2-1/2"]
[Termination "normal"]
[Board "5"]
[WhiteElo "2287"]
[BlackElo "2268"]
[WhiteClock "00:12:58"]
[BlackClock "00:14:11"]
[PlyCount "117"]
[WhiteFideId "12984388"]
[BlackFideId "12967068"]
[EventCountry "GER"]
[EventRounds "9"]
[EventType "swiss"]
[EventDate "2019.06.08"]

1. e4 {[%clk 1:30:57]} 1... e5 {[%clk 1:30:30]} 2. Nf3 {[%clk 1:31:19]} 2...
Nc6 {[%clk 1:30:54]} 3. Bc4 {[%clk 1:31:42]} 3... Bc5 {[%clk 1:30:41]} 4. O-O {
[%clk 1:32:03]} 4... Nf6 {[%clk 1:29:14]} 5. d3 {[%clk 1:32:26]} 5... O-O {
[%clk 1:24:46]} 6. Nbd2 {[%clk 1:32:34]} 6... d6 {[%clk 1:24:08]} 7. c3 { [%clk
1:31:53]} 7... a6 {[%clk 1:23:10]} 8. a4 {[%clk 1:31:06]} 8... Ba7 { [%clk
1:22:47]} 9. Bb3 {[%clk 1:29:49]} 9... Ne7 {[%clk 1:15:25]} 10. Nc4 { [%clk
1:26:19]} 10... Ng6 {[%clk 1:13:22]} 11. Be3 {[%clk 1:21:42]} 11... Bxe3 {[%clk
1:12:38]} 12. Nxe3 {[%clk 1:21:27]} 12... c6 {[%clk 1:05:41]} 13. a5 { [%clk
1:10:32]} 13... d5 {[%clk 1:03:45]} 14. exd5 {[%clk 1:09:35]} 14... cxd5 {[%clk
0:57:04]} 15. d4 {[%clk 1:09:25]} 15... e4 {[%clk 0:53:20]} 16. Ne5 { [%clk
1:07:23]} 16... Re8 {[%clk 0:49:07]} 17. Nxg6 {[%clk 0:44:02]} 17... hxg6
{[%clk 0:46:57]} 18. c4 {[%clk 0:44:16]} 18... dxc4 {[%clk 0:44:03]} 19. Bxc4 {
[%clk 0:44:22]} 19... b5 {[%clk 0:41:07]} 20. axb6 {[%clk 0:38:26]} 20... Qxb6
{[%clk 0:41:34]} 21. Qd2 {[%clk 0:30:17]} 21... Bb7 {[%clk 0:37:28]} 22. Ra5 {
[%clk 0:23:18]} 22... Red8 {[%clk 0:34:34]} 23. d5 {[%clk 0:17:01]} 23... Nd7 {
[%clk 0:34:07]} 24. Rfa1 {[%clk 0:16:42]} 24... Ne5 {[%clk 0:29:53]} 25. Be2 {
[%clk 0:15:34]} 25... f5 {[%clk 0:26:16]} 26. Nc4 {[%clk 0:12:07]} 26... Nxc4 {
[%clk 0:22:15]} 27. Bxc4 {[%clk 0:12:35]} 27... Rd6 {[%clk 0:22:10]} 28. b3 {
[%clk 0:09:54]} 28... Rc8 {[%clk 0:20:34]} 29. g3 {[%clk 0:07:58]} 29... Rc5 {
[%clk 0:18:00]} 30. Rxc5 {[%clk 0:08:22]} 30... Qxc5 {[%clk 0:18:28]} 31. Ra5
31... Qc7 {[%clk 0:17:20]} 32. h4 {[%clk 0:07:30]} 32... Kh7 {[%clk 0:15:07]}
33. Ra4 {[%clk 0:06:52]} 33... Qd8 {[%clk 0:13:59]} 34. Ra5 {[%clk 0:06:52]}
34... f4 {[%clk 0:13:06]} 35. Qxf4 {[%clk 0:05:04]} 35... Rf6 {[%clk 0:05:32]}
36. Qd2 {[%clk 0:05:28]} 36... Rf3 {[%clk 0:04:01]} 37. Ra2 {[%clk 0:03:37]}
37... e3 {[%clk 0:03:57]} 38. Qd4 {[%clk 0:03:08]} 38... exf2+ {[%clk 0:03:22]}
39. Rxf2 {[%clk 0:03:28]} 39... Rxg3+ {[%clk 0:03:14]} 40. Kh2 {[%clk 0:03:36]}
40... Qd6 {[%clk 0:01:59]} 41. Qf4 {[%clk 0:03:57]} 41... Qxf4 {[%clk 0:01:19]}
42. Rxf4 {[%clk 0:03:04]} 42... Re3 {[%clk 0:26:17]} 43. d6 {[%clk 0:30:27]}
43... Re8 {[%clk 0:25:59]} 44. Rf7 {[%clk 0:28:40]} 44... Bc6 {[%clk 0:21:39]}
45. d7 {[%clk 0:28:20]} 45... Rd8 {[%clk 0:21:29]} 46. Be6 {[%clk 0:28:40]}
46... a5 {[%clk 0:19:35]} 47. Kg3 {[%clk 0:26:06]} 47... Kh6 {[%clk 0:18:30]}
48. Kf4 {[%clk 0:22:28]} 48... a4 {[%clk 0:18:56]} 49. bxa4 {[%clk 0:18:39]}
49... Bxa4 {[%clk 0:19:25]} 50. Ke5 {[%clk 0:18:15]} 50... Kh5 {[%clk 0:18:35]}
51. Rxg7 {[%clk 0:15:54]} 51... Kxh4 {[%clk 0:18:44]} 52. Kf6 {[%clk 0:14:27]}
52... g5 {[%clk 0:17:01]} 53. Ke7 {[%clk 0:14:44]} 53... Bxd7 {[%clk 0:17:12]}
54. Rh7+ {[%clk 0:14:07]} 54... Kg3 {[%clk 0:17:34]} 55. Bxd7 {[%clk 0:14:32]}
55... Ra8 {[%clk 0:17:50]} 56. Kf6 {[%clk 0:13:42]} 56... Ra5 {[%clk 0:14:52]}
57. Rh3+ {[%clk 0:13:21]} 57... Kf4 {[%clk 0:14:43]} 58. Rc3 {[%clk 0:13:35]}
58... Ra6+ {[%clk 0:14:11]} 59. Rc6 {[%clk 0:12:58]} 1/2-1/2

[Event "DEM U16 2019"]
[Site "Willingen GER"]
[Date "2019.06.14"]
[Round "8"]
[White "Kopylov, Daniel"]
[Black "Boder, Jan"]
[Result "1/2-1/2"]
[Termination "normal"]
[Board "7"]
[WhiteElo "2263"]
[BlackElo "2123"]
[WhiteClock "00:03:19"]
[BlackClock "00:24:12"]
[PlyCount "81"]
[WhiteFideId "12921971"]
[BlackFideId "16243226"]
[EventCountry "GER"]
[EventRounds "9"]
[EventType "swiss"]
[EventDate "2019.06.08"]

1. e4 {[%clk 1:30:56]} 1... c5 {[%clk 1:30:56]} 2. Nf3 {[%clk 1:31:18]} 2...
Nc6 {[%clk 1:31:21]} 3. d4 {[%clk 1:31:32]} 3... cxd4 {[%clk 1:31:47]} 4. Nxd4
{[%clk 1:31:57]} 4... g6 {[%clk 1:32:13]} 5. Nc3 {[%clk 1:32:20]} 5... Bg7 {
[%clk 1:32:39]} 6. Be3 {[%clk 1:32:41]} 6... Nf6 {[%clk 1:33:02]} 7. Nxc6 {
[%clk 1:32:49]} 7... bxc6 {[%clk 1:33:25]} 8. e5 {[%clk 1:33:03]} 8... Ng8 {
[%clk 1:30:11]} 9. Bd4 {[%clk 1:33:19]} 9... Qc7 {[%clk 1:27:51]} 10. e6 {
[%clk 1:30:30]} 10... Nf6 {[%clk 1:27:41]} 11. exd7+ {[%clk 1:30:41]} 11...
Bxd7 {[%clk 1:27:17]} 12. Bc4 {[%clk 1:29:53]} 12... Rb8 {[%clk 1:26:41]} 13.
Qe2 {[%clk 1:27:00]} 13... Nh5 {[%clk 1:22:41]} 14. Bxg7 {[%clk 1:22:05]} 14...
Nxg7 {[%clk 1:23:06]} 15. O-O {[%clk 1:21:31]} 15... Be6 {[%clk 1:19:53]} 16.
b3 {[%clk 1:19:53]} 16... O-O {[%clk 1:19:52]} 17. Rad1 {[%clk 1:15:12]} 17...
Rfd8 {[%clk 1:17:17]} 18. Ne4 {[%clk 1:11:33]} 18... Bxc4 {[%clk 1:15:57]} 19.
Qxc4 {[%clk 1:10:08]} 19... Ne6 {[%clk 1:16:14]} 20. h3 {[%clk 1:08:28]} 20...
c5 {[%clk 1:13:14]} 21. c3 {[%clk 1:03:13]} 21... Rxd1 {[%clk 1:05:24]} 22.
Rxd1 {[%clk 1:03:30]} 22... Rd8 {[%clk 1:05:32]} 23. Rxd8+ {[%clk 0:56:41]}
23... Qxd8 {[%clk 1:03:37]} 24. g3 {[%clk 0:57:03]} 24... Qc7 {[%clk 1:00:41]}
25. Qd5 {[%clk 0:55:48]} 25... Kg7 {[%clk 0:57:03]} 26. h4 {[%clk 0:54:54]}
26... h5 {[%clk 0:56:28]} 27. a3 {[%clk 0:53:19]} 27... a5 {[%clk 0:55:59]} 28.
Nd2 {[%clk 0:51:59]} 28... Qd8 {[%clk 0:53:45]} 29. Qxd8 {[%clk 0:47:28]} 29...
Nxd8 {[%clk 0:53:35]} 30. Kf1 {[%clk 0:46:13]} 30... Kf8 {[%clk 0:49:37]} 31.
Nc4 {[%clk 0:43:23]} 31... Nb7 {[%clk 0:48:49]} 32. Ke2 {[%clk 0:42:45]} 32...
Ke8 {[%clk 0:36:54]} 33. Ne5 {[%clk 0:42:08]} 33... f6 {[%clk 0:34:21]} 34. Nd3
{[%clk 0:36:38]} 34... e5 {[%clk 0:34:11]} 35. Ke3 {[%clk 0:31:24]} 35... Kd7 {
[%clk 0:34:06]} 36. Nb2 {[%clk 0:18:46]} 36... g5 {[%clk 0:30:50]} 37. hxg5 {
[%clk 0:09:52]} 37... fxg5 {[%clk 0:31:14]} 38. Nd3 {[%clk 0:10:04]} 38... Ke6
{[%clk 0:31:25]} 39. f3 {[%clk 0:07:01]} 39... Kd5 {[%clk 0:28:29]} 40. Nf2 {
[%clk 0:03:19]} 40... Nd6 {[%clk 0:24:12]} 41. Kd3 1/2-1/2

[Event "DEM U16 2019"]
[Site "Willingen GER"]
[Date "2019.06.15"]
[Round "9"]
[White "Stork, Oliver"]
[Black "Dobrikov, Marco"]
[Result "1-0"]
[Termination "normal"]
[Board "2"]
[WhiteElo "2183"]
[BlackElo "2281"]
[WhiteClock "00:01:11"]
[BlackClock "00:29:09"]
[PlyCount "117"]
[WhiteFideId "12955728"]
[BlackFideId "12950378"]
[EventCountry "GER"]
[EventRounds "9"]
[EventType "swiss"]
[EventDate "2019.06.08"]

1. d4 {[%clk 1:30:57]} 1... Nf6 {[%clk 1:30:56]} 2. c4 {[%clk 1:31:22]} 2... g6
{[%clk 1:31:22]} 3. g3 {[%clk 1:31:47]} 3... Bg7 {[%clk 1:26:42]} 4. Bg2 {
[%clk 1:32:10]} 4... O-O {[%clk 1:22:12]} 5. Nc3 {[%clk 1:32:24]} 5... d6 {
[%clk 1:21:54]} 6. Nf3 {[%clk 1:32:04]} 6... c6 {[%clk 1:19:43]} 7. O-O { [%clk
1:31:47]} 7... Nbd7 {[%clk 1:17:54]} 8. b3 {[%clk 1:22:00]} 8... a6 { [%clk
1:13:35]} 9. e4 {[%clk 1:16:44]} 9... Qc7 {[%clk 1:11:55]} 10. Qc2 { [%clk
1:08:57]} 10... e5 {[%clk 1:08:40]} 11. Rd1 {[%clk 1:05:30]} 11... b5 { [%clk
1:04:47]} 12. dxe5 {[%clk 0:45:36]} 12... dxe5 {[%clk 1:04:36]} 13. cxb5 {[%clk
0:44:35]} 13... cxb5 {[%clk 1:04:56]} 14. Ba3 {[%clk 0:44:58]} 14... Re8 {[%clk
1:04:58]} 15. Rac1 {[%clk 0:32:27]} 15... Qa5 {[%clk 1:00:40]} 16. Bd6 { [%clk
0:29:56]} 16... Bb7 {[%clk 1:00:14]} 17. a4 {[%clk 0:24:34]} 17... Rac8 { [%clk
0:58:11]} 18. Qd2 {[%clk 0:20:17]} 18... Qb6 {[%clk 0:55:34]} 19. Bh3 { [%clk
0:16:50]} 19... b4 {[%clk 0:44:54]} 20. Nd5 {[%clk 0:09:15]} 20... Bxd5 { [%clk
0:33:50]} 21. Rxc8 {[%clk 0:07:22]} 21... Rxc8 {[%clk 0:34:03]} 22. Bxd7 {[%clk
0:07:43]} 22... Nxe4 {[%clk 0:33:12]} 23. Qe1 {[%clk 0:05:02]} 23... Ba8 {[%clk
0:24:46]} 24. Bxc8 {[%clk 0:02:39]} 24... Nxd6 {[%clk 0:25:07]} 25. Qe3 {[%clk
0:02:40]} 25... Qc6 {[%clk 0:19:49]} 26. Bh3 {[%clk 0:02:57]} 26... Bh6 {[%clk
0:19:08]} 27. Qe2 {[%clk 0:01:46]} 27... Bf8 {[%clk 0:06:46]} 28. Bg2 { [%clk
0:01:49]} 28... e4 {[%clk 0:05:22]} 29. Nd4 {[%clk 0:01:27]} 29... Qb6 { [%clk
0:02:33]} 30. Nc2 {[%clk 0:01:21]} 30... a5 {[%clk 0:02:34]} 31. Ne3 { [%clk
0:01:42]} 31... Qc5 {[%clk 0:01:14]} 32. Qc2 {[%clk 0:01:38]} 32... Qxc2 {[%clk
0:00:59]} 33. Nxc2 {[%clk 0:02:05]} 33... Kg7 {[%clk 0:01:24]} 34. Bf1 { [%clk
0:02:05]} 34... Kf6 {[%clk 0:01:25]} 35. Ne3 {[%clk 0:02:31]} 35... Ke5 { [%clk
0:00:59]} 36. Nc4+ {[%clk 0:02:47]} 36... Nxc4 {[%clk 0:01:28]} 37. Bxc4 {[%clk
0:03:12]} 37... Bd6 {[%clk 0:01:37]} 38. Bxf7 {[%clk 0:03:33]} 38... Bc6 {[%clk
0:02:01]} 39. h4 {[%clk 0:02:25]} 39... Bc7 {[%clk 0:01:52]} 40. Rc1 { [%clk
0:01:19]} 40... Kd6 {[%clk 0:02:21]} 41. g4 {[%clk 0:20:46]} 41... Bb6 { [%clk
0:32:09]} 42. Kf1 {[%clk 0:19:49]} 42... Bd7 {[%clk 0:31:49]} 43. g5 { [%clk
0:18:52]} 43... Bd4 {[%clk 0:29:51]} 44. Bg8 {[%clk 0:13:20]} 44... Ke5 { [%clk
0:28:52]} 45. Rc7 {[%clk 0:11:46]} 45... Kd6 {[%clk 0:29:17]} 46. Rb7 { [%clk
0:08:24]} 46... Bh3+ {[%clk 0:28:03]} 47. Ke1 {[%clk 0:07:39]} 47... Bd7 {[%clk
0:27:32]} 48. Bxh7 {[%clk 0:06:12]} 48... Be6 {[%clk 0:27:57]} 49. Bxg6 {[%clk
0:04:57]} 49... Bxb3 {[%clk 0:28:26]} 50. Bxe4 {[%clk 0:04:50]} 50... Bxa4
{[%clk 0:28:52]} 51. g6 {[%clk 0:04:41]} 51... Bb3 {[%clk 0:29:13]} 52. g7
{[%clk 0:03:29]} 52... a4 {[%clk 0:29:34]} 53. Bh7 {[%clk 0:03:05]} 53... Kc6 {
[%clk 0:29:52]} 54. Be4+ {[%clk 0:02:05]} 54... Kd6 {[%clk 0:30:07]} 55. Kd2 {
[%clk 0:00:41]} 55... a3 {[%clk 0:29:33]} 56. Rxb4 {[%clk 0:00:45]} 56... a2 {
[%clk 0:29:38]} 57. Rxd4+ {[%clk 0:00:47]} 57... Kc5 {[%clk 0:28:46]} 58. g8=Q
{[%clk 0:01:04]} 58... a1=Q {[%clk 0:29:09]} 59. Qg5+ {[%clk 0:01:11]} 1-0